[Event "XII. DBMM Schach"]
[Site "Berlin"]
[Date "2012.10.13"]
[Round "5.2"]
[White "Marten, Gero"]
[Black "Raum, Norbert"]
[Result "0-1"]
[WhiteElo "2032"]
[BlackElo "1869"]
[Annotator "br"]
[PlyCount "132"]
[EventDate "2012.??.??"]
[Source "FV Schach e.V."]
[SourceDate "2012.10.14"]
[WhiteTeam "Sparkassenvers. Stuttgart"]
[BlackTeam "Baubehoerde Hamburg II"]
[WhiteTeamCountry "GER"]
[BlackTeamCountry "GER"]

1. Nf3 Nf6 2. c4 b6 3. d4 e6 4. a3 Bb7 5. Nc3 Ne4 6. Nxe4 Bxe4 7. d5 Bxf3 8.
exf3 e5 9. Bd3 Be7 10. O-O d6 11. f4 Nd7 12. Re1 O-O 13. Qc2 g6 14. f5 g5 15.
f6 Bxf6 16. Bxh7+ Kg7 17. Re3 Rh8 18. Bf5 Nf8 19. Bd2 Ng6 20. Bxg6 fxg6 21. Rg3
Rh5 22. Qe4 Qd7 23. Re1 Rah8 24. h3 R8h6 25. Qg4 Qf5 26. Qe4 a5 27. b3 Qd7 28.
a4 Rh4 29. Rg4 Rxg4 30. Qxg4 Qf5 31. Qxf5 gxf5 32. f3 Rg6 33. g4 f4 34. Kg2 Kf7
35. Re2 Ke8 36. h4 Kd7 37. h5 Rh6 38. Re4 Rh8 39. Kf2 Bg7 40. Ke2 Rc8 41. Kd3
Bh6 42. Re1 Ra8 43. Ke4 Rf8 44. Rb1 Ke7 45. b4 axb4 46. Bxb4 Ra8 47. Ra1 Kf6
48. a5 Ra6 49. Bc3 Bf8 50. Ra2 Bg7 51. axb6 Rxb6 52. Ra7 Rb3 53. Kd3 Rb1 54.
Rxc7 Rf1 55. Ke2 Rc1 56. Bd2 Rc2 57. Kd3 Ra2 58. Rd7 Bf8 59. h6 Bxh6 60. Rxd6+
Kg7 61. Bc3 Ra3 62. c5 Kh7 63. c6 Bg7 64. Rd7 e4+ 65. Kxe4 Rxc3 66. c7 Re3+ 0-1

[Event "XII. DBMM Schach"]
[Site "Berlin"]
[Date "2012.10.13"]
[Round "5.3"]
[White "Hoffeins, Hans-Werner"]
[Black "Bischoff, Ulrich"]
[Result "0-1"]
[WhiteElo "1791"]
[BlackElo "2107"]
[Annotator "br"]
[PlyCount "118"]
[EventDate "2012.??.??"]
[Source "FV Schach e.V."]
[SourceDate "2012.10.14"]
[WhiteTeam "Baubehoerde Hamburg II"]
[BlackTeam "Sparkassenvers. Stuttgart"]
[WhiteTeamCountry "GER"]
[BlackTeamCountry "GER"]

1. d3 d5 2. Nd2 e5 3. e4 Nf6 4. Ngf3 Nc6 5. Be2 Be7 6. O-O O-O 7. c3 Re8 8. Re1
a5 9. a4 Bf8 10. Qc2 Qd6 11. exd5 Qxd5 12. Ng5 Bg4 13. Nde4 Bxe2 14. Qxe2 Ne7
15. Qf3 Qc6 16. Nxf6+ gxf6 17. Qxc6 Nxc6 18. Nf3 Rad8 19. d4 exd4 20. Rxe8 Rxe8
21. Bf4 dxc3 22. bxc3 Ne5 23. Nd4 Bc5 24. Nf5 Bb6 25. Rd1 Nd3 26. Be3 Nb2 27.
Rd7 Nxa4 28. Nh6+ Kg7 29. Nf5+ Kg6 30. Ne7+ Kg7 31. Nf5+ Kh8 32. g4 Bxe3 33.
fxe3 Nxc3 34. Rxc7 Nd5 35. Rxb7 Nxe3 36. Nh6 Ra8 37. Nxf7+ Kg7 38. Nd6+ Kg6 39.
Rb3 Ra6 40. Ne4 Nxg4 41. Nc5 Ra7 42. Ra3 Ne5 43. Ra4 Kf5 44. Nb3 Nc6 45. Kf2
Ke5 46. Ke3 f5 47. Kf3 Kd5 48. Kf4 Rb7 49. Ra3 Rb5 50. Nd2 Ke6 51. Nf3 Kf6 52.
h4 Rb4+ 53. Kg3 a4 54. Nd2 Ne5 55. h5 Kg5 56. Kg2 Nc4 57. Rg3+ Kxh5 58. Rh3+
Kg6 59. Rh4 Ne3+ 0-1

[Event "XII. DBMM Schach"]
[Site "Berlin"]
[Date "2012.10.13"]
[Round "5.4"]
[White "Pachl, Manfred"]
[Black "Hein, Andrea"]
[Result "1-0"]
[WhiteElo "1766"]
[BlackElo "1470"]
[Annotator "br"]
[PlyCount "105"]
[EventDate "2012.??.??"]
[Source "FV Schach e.V."]
[SourceDate "2012.10.14"]
[WhiteTeam "Sparkassenvers. Stuttgart"]
[BlackTeam "Baubehoerde Hamburg II"]
[WhiteTeamCountry "GER"]
[BlackTeamCountry "GER"]

1. e4 e5 2. Bc4 Nf6 3. d3 Be7 4. Nf3 d6 5. h3 h6 6. Nc3 O-O 7. Be3 a6 8. Qd2
Be6 9. Bxe6 fxe6 10. Nh2 Nh7 11. Qe2 Bg5 12. O-O Nc6 13. a3 d5 14. Bxg5 Nxg5
15. Qg4 d4 16. Ne2 Qe7 17. f4 exf4 18. Nxf4 Ne5 19. Qg3 Qd6 20. Nh5 Nd7 21. Qg4
Qe7 22. h4 Nh7 23. Nf3 Nhf6 24. Nxf6+ Rxf6 25. Nxd4 Nc5 26. b4 Nd7 27. Rxf6
Nxf6 28. Qxe6+ Qxe6 29. Nxe6 c6 30. Rf1 Re8 31. Nc5 Re7 32. a4 Ng4 33. Rf3 Ne5
34. Rf4 g5 35. hxg5 hxg5 36. Rf5 Nf7 37. Kf2 Kg7 38. c4 Kg6 39. b5 Nd6 40. Rf8
Kg7 41. Rd8 Nf7 42. Rd7 Rxd7 43. Nxd7 cxb5 44. cxb5 axb5 45. axb5 Nd6 46. b6
Kf7 47. Ke3 Ke6 48. Nc5+ Ke7 49. e5 Nc8 50. Nxb7 Nxb6 51. Ke4 Ke6 52. Nc5+ Kf7
53. Kf5 1-0

[Event "XII. DBMM Schach"]
[Site "Berlin"]
[Date "2012.10.13"]
[Round "5.1"]
[White "Hoffmann, Udo"]
[Black "Britze, Jan"]
[Result "1-0"]
[WhiteElo "2199"]
[BlackElo "1742"]
[Annotator "br"]
[PlyCount "91"]
[EventDate "2012.??.??"]
[Source "FV Schach e.V."]
[SourceDate "2012.10.14"]
[WhiteTeam "BA Berlin Tempelhof II"]
[BlackTeam "RBB Berlin"]
[WhiteTeamCountry "GER"]
[BlackTeamCountry "GER"]

1. e4 e6 2. d4 d5 3. Nc3 Be7 4. Be3 Nf6 5. e5 Nfd7 6. f4 c5 7. Nf3 Nc6 8. Qd2
Qa5 9. Be2 a6 10. O-O g6 11. a3 Qc7 12. Kh1 h5 13. dxc5 Bxc5 14. Bxc5 Nxc5 15.
b4 Nd7 16. Bd3 Nf8 17. Ne2 Bd7 18. a4 Ne7 19. Ned4 Nf5 20. Nxf5 gxf5 21. Rfc1
Ng6 22. c4 dxc4 23. Rxc4 Qb6 24. a5 Qa7 25. Rd1 Rd8 26. Rd4 Nf8 27. Bc2 b5 28.
axb6 Qxb6 29. Rd6 Qb7 30. Ba4 Rg8 31. Ng5 Ke7 32. Bxd7 Rxd7 33. Rxd7+ Qxd7 34.
Qc2 Qb7 35. Qc5+ Ke8 36. Qd6 Qc8 37. h3 Rg7 38. Kh2 Ng6 39. Qd2 Ne7 40. Rc1 Qb7
41. Qd6 Nd5 42. Nf3 h4 43. Rc6 a5 44. bxa5 Nxf4 45. Rb6 Rxg2+ 46. Kh1 1-0

[Event "XII. DBMM Schach"]
[Site "Berlin"]
[Date "2012.10.13"]
[Round "5.2"]
[White "Schastok, Erwin"]
[Black "Sarre, Sascha"]
[Result "0-1"]
[WhiteElo "1667"]
[BlackElo "1839"]
[Annotator "br"]
[PlyCount "142"]
[EventDate "2012.??.??"]
[Source "FV Schach e.V."]
[SourceDate "2012.10.14"]
[WhiteTeam "RBB Berlin"]
[BlackTeam "BA Berlin Tempelhof II"]
[WhiteTeamCountry "GER"]
[BlackTeamCountry "GER"]

1. e4 c5 2. c3 d5 3. Bb5+ Bd7 4. Qa4 dxe4 5. Bxd7+ Qxd7 6. Qxe4 Nf6 7. Qe3 e6
8. Nf3 Nc6 9. O-O O-O-O 10. Ne5 Nxe5 11. Qxe5 Bd6 12. Qg5 Rdg8 13. h3 h6 14.
Qe3 g5 15. b4 Nd5 16. Qe2 Nf4 17. Qc4 Qc6 18. f3 cxb4 19. Qxc6+ bxc6 20. cxb4
Bxb4 21. Bb2 Rh7 22. a3 Bc5+ 23. Kh2 Rd8 24. Bf6 Rd3 25. Rc1 Rd5 26. Nc3 Rxd2
27. Ne4 Rxg2+ 28. Kh1 Be3 29. Rxc6+ Kb7 30. Rc3 Re2 31. Rb1+ Bb6 32. Nc5+ Ka8
33. Nd7 Nd5 34. Rc8+ Kb7 35. Rc4 Nxf6 36. Nxf6 Rh8 37. Ne4 Rd8 38. a4 Ra2 39.
Nc3 Ra3 40. Nb5 Ra2 41. Nd4 Rd2 42. Nc6 Rd1+ 43. Rxd1 Rxd1+ 44. Kg2 Rd2+ 45.
Kg3 f5 46. f4 Bc7 47. Nd4 Bxf4+ 48. Kf3 Rd3+ 49. Kg2 Rg3+ 50. Kf2 Rxh3 51. Nxe6
Be3+ 52. Kg2 g4 53. a5 Rf3 54. Rc7+ Ka6 55. Rh7 Rf2+ 56. Kg3 Ra2 57. Nc7+ Kxa5
58. Nd5 Ra3 59. Nxe3 Rxe3+ 60. Kf4 Rf3+ 61. Ke5 a6 62. Rxh6 g3 63. Rg6 f4 64.
Rg5 Rf2 65. Ke4+ Kb4 66. Kd3 a5 67. Rg8 g2 68. Rb8+ Kc5 69. Rc8+ Kd6 70. Rd8+
Ke7 71. Rg8 f3 0-1

[Event "XII. DBMM Schach"]
[Site "Berlin"]
[Date "2012.10.13"]
[Round "5.3"]
[White "Kreuchauf, Olaf"]
[Black "Kersten, Martin"]
[Result "1/2-1/2"]
[WhiteElo "1630"]
[BlackElo "1760"]
[Annotator "br"]
[PlyCount "96"]
[EventDate "2012.??.??"]
[Source "FV Schach e.V."]
[SourceDate "2012.10.14"]
[WhiteTeam "BA Berlin Tempelhof II"]
[BlackTeam "RBB Berlin"]
[WhiteTeamCountry "GER"]
[BlackTeamCountry "GER"]

1. d4 Nf6 2. c4 e6 3. g3 d5 4. Nf3 Be7 5. Bg2 O-O 6. O-O b6 7. cxd5 exd5 8. b3
Ba6 9. Ne5 Ne4 10. Bb2 c5 11. Nd2 Bb7 12. Qc2 Nxd2 13. Qxd2 Nd7 14. Nxd7 Qxd7
15. dxc5 bxc5 16. e3 Rfd8 17. Rac1 a5 18. Ba3 Qb5 19. Rfd1 a4 20. Rb1 Bf6 21.
bxa4 Qxa4 22. Rxb7 Qxa3 23. Bxd5 Rf8 24. Rc1 Rad8 25. e4 Bd4 26. Rc2 Qf3 27. a4
h5 28. h4 Qxg3+ 29. Kf1 Qxh4 30. Ke2 Qxf2+ 31. Kd3 Qf1+ 32. Qe2 Qf6 33. Qxh5 g6
34. Rg2 Rxd5 35. exd5 Qa6+ 36. Rb5 Qxa4 37. Rxg6+ fxg6 38. Qxg6+ Bg7 39. Qe6+
Rf7 40. Rb8+ Bf8 41. Qg6+ Rg7 42. Qe6+ Kh7 43. Qf5+ Rg6 44. Qh5+ Bh6 45. Rb7+
Rg7 46. Qf5+ Kh8 47. Qf8+ Kh7 48. Qf5+ Kh8 1/2-1/2

[Event "XII. DBMM Schach"]
[Site "Berlin"]
[Date "2012.10.13"]
[Round "5.4"]
[White "Saloga, Juergen"]
[Black "Fischer, Anke"]
[Result "0-1"]
[WhiteElo "1695"]
[BlackElo "1710"]
[Annotator "br"]
[PlyCount "86"]
[EventDate "2012.??.??"]
[Source "FV Schach e.V."]
[SourceDate "2012.10.14"]
[WhiteTeam "RBB Berlin"]
[BlackTeam "BA Berlin Tempelhof II"]
[WhiteTeamCountry "GER"]
[BlackTeamCountry "GER"]

1. e4 c5 2. Nf3 e6 3. e5 Nc6 4. c3 d6 5. Bb5 Qc7 6. d4 Bd7 7. Bxc6 Bxc6 8. Bf4
Bb5 9. a4 Ba6 10. Nbd2 d5 11. Rc1 Rc8 12. Nb1 Ne7 13. b4 Ng6 14. Be3 cxb4 15.
Bd2 bxc3 16. Rxc3 Qd7 17. Rxc8+ Qxc8 18. Qc1 Qxc1+ 19. Bxc1 Bb4+ 20. Bd2 Be7
21. g3 O-O 22. h4 h5 23. Bg5 Rc8 24. Kd1 Rc4 25. a5 Bb4 26. Bd2 Bxd2 27. Kxd2
Ra4 28. Rc1 Bc4 29. Kc3 Rxa5 30. Nfd2 b5 31. Nxc4 bxc4 32. Rc2 Rb5 33. Rb2 Rxb2
34. Kxb2 Ne7 35. Na3 Nc6 36. Nc2 Kh7 37. Kc3 Kh6 38. Na3 a6 39. Nc2 g5 40.
hxg5+ Kxg5 41. Ne3 h4 42. f4+ Kh5 43. g4+ Kh6 0-1

[Event "XII. DBMM Schach"]
[Site "Berlin"]
[Date "2012.10.13"]
[Round "5.1"]
[White "Lehmann, Michael"]
[Black "Hilbig, Olaf"]
[Result "1-0"]
[WhiteElo "1663"]
[BlackElo "2167"]
[Annotator "br"]
[PlyCount "132"]
[EventDate "2012.??.??"]
[Source "FV Schach e.V."]
[SourceDate "2012.10.14"]
[WhiteTeam "BA Berlin Tempelhof III"]
[BlackTeam "Commerzbank Frankfurt AGI "]
[WhiteTeamCountry "GER"]
[BlackTeamCountry "GER"]

1. c4 Nf6 2. Nc3 d6 3. g3 e5 4. Bg2 g6 5. e4 Bg7 6. Nge2 O-O 7. h3 c6 8. O-O
Nh5 9. d3 f5 10. exf5 gxf5 11. f4 Qe8 12. Kh2 Na6 13. Bf3 Nf6 14. Re1 Qg6 15.
Ng1 Re8 16. a3 Nc7 17. Qc2 Ne6 18. Be3 Bd7 19. Rad1 Nd4 20. Bxd4 exd4 21. Nce2
Nh5 22. b4 Re3 23. Qb2 Rae8 24. Rf1 Bf6 25. Rf2 Kh8 26. Rg2 Qh6 27. Qd2 Rg8 28.
Rf1 Re7 29. Qe1 Re3 30. Qd2 Rge8 31. Rff2 d5 32. cxd5 cxd5 33. Bxd5 Bc6 34.
Bxc6 bxc6 35. Rf3 R3e6 36. Rff2 Ng7 37. Nf3 R8e7 38. Nfg1 Ne8 39. Nf3 Nc7 40.
Nfxd4 Bxd4 41. Nxd4 Qxh3+ 42. Kg1 Re1+ 43. Rf1 Rxf1+ 44. Kxf1 Nd5 45. Kf2 Ne3
46. Kg1 Nxg2 47. Qxg2 Qg4 48. Qf3 Qxf3 49. Nxf3 Re3 50. Ne5 Rxg3+ 51. Kf2 Rh3
52. Kg2 Rh4 53. Kg3 Rh1 54. Nxc6 Ra1 55. d4 Rxa3+ 56. Kh4 Rc3 57. d5 Rd3 58.
Ne7 Kg7 59. Kg5 Kf7 60. Nxf5 Rxd5 61. Kg4 Kf6 62. Ne3 Rd4 63. Kf3 h5 64. Kg3
Rd3 65. Kf3 h4 66. Ke4 Rd2 {ZÜ} 1-0

[Event "XII. DBMM Schach"]
[Site "Berlin"]
[Date "2012.10.13"]
[Round "5.2"]
[White "Fischer, Alexander"]
[Black "Koerting, Klaus"]
[Result "1-0"]
[WhiteElo "1958"]
[BlackElo "1643"]
[Annotator "br"]
[PlyCount "87"]
[EventDate "2012.??.??"]
[Source "FV Schach e.V."]
[SourceDate "2012.10.14"]
[WhiteTeam "Commerzbank Frankfurt AGI "]
[BlackTeam "BA Berlin Tempelhof III"]
[WhiteTeamCountry "GER"]
[BlackTeamCountry "GER"]

1. d4 f5 2. Nf3 Nf6 3. g3 e6 4. Bg2 Be7 5. O-O O-O 6. c4 c6 7. b3 Ne4 8. Ba3
Na6 9. Bxe7 Qxe7 10. Nfd2 d5 11. f3 Ng5 12. Nc3 Qf6 13. Ndb1 Bd7 14. a3 f4 15.
Ra2 Rab8 16. Qd2 b5 17. cxb5 cxb5 18. Qxf4 Qxf4 19. gxf4 Rxf4 20. e3 Rff8 21.
f4 Nf7 22. Bh3 Rb7 23. e4 b4 24. axb4 Nxb4 25. Rd2 dxe4 26. Nxe4 Na6 27. Nc5
Nxc5 28. dxc5 Rxb3 29. Rxd7 Rxh3 30. Rxa7 Rc8 31. Kg2 Rd3 32. Rc1 Nd6 33. Rd7
Kf8 34. c6 Rd4 35. Rc5 Ne4 36. Re5 Rb4 37. c7 Ke8 38. Rxg7 Rxb1 39. Rxe4 Rb2+
40. Kg3 Rb3+ 41. Kg4 Rb2 42. Rg8+ Kd7 43. Rd4+ Kc6 44. Rxc8 1-0

[Event "XII. DBMM Schach"]
[Site "Berlin"]
[Date "2012.10.13"]
[Round "5.3"]
[White "Wolf, Wilfried"]
[Black "Lutterbey, Ralf"]
[Result "0-1"]
[WhiteElo "1563"]
[BlackElo "1862"]
[Annotator "br"]
[PlyCount "38"]
[EventDate "2012.??.??"]
[Source "FV Schach e.V."]
[SourceDate "2012.10.14"]
[WhiteTeam "BA Berlin Tempelhof III"]
[BlackTeam "Commerzbank Frankfurt AGI "]
[WhiteTeamCountry "GER"]
[BlackTeamCountry "GER"]

1. e4 d5 2. exd5 Qxd5 3. Nc3 Qa5 4. Nf3 Bg4 5. Be2 Nf6 6. O-O Nc6 7. d3 O-O-O
8. Be3 e5 9. Qc1 Nd4 10. Bxd4 exd4 11. Ne4 Nxe4 12. dxe4 Bd6 13. h3 Bh5 14. g4
Bg6 15. Bd3 h5 16. Qg5 Qxg5 17. Nxg5 hxg4 18. hxg4 Rh4 19. Be2 Bf4 0-1

[Event "XII. DBMM Schach"]
[Site "Berlin"]
[Date "2012.10.13"]
[Round "5.2"]
[White "Cagnoli, Michele"]
[Black "Leidorf, Sebastian"]
[Result "0-1"]
[WhiteElo "1556"]
[BlackElo "2051"]
[Annotator "br"]
[PlyCount "46"]
[EventDate "2012.??.??"]
[Source "FV Schach e.V."]
[SourceDate "2012.10.14"]
[WhiteTeam "Europ. Patentamt MUC III"]
[BlackTeam "R+V Vers. Wiesbaden II"]
[WhiteTeamCountry "GER"]
[BlackTeamCountry "GER"]

1. Nf3 Nf6 2. c4 c5 3. Nc3 Nc6 4. e3 d5 5. cxd5 Nxd5 6. Nxd5 Qxd5 7. b3 Bf5 8.
Bc4 Qd6 9. Bb2 a6 10. d4 b5 11. Be2 cxd4 12. Nxd4 Qb4+ 13. Kf1 Nxd4 14. exd4
Rd8 15. Rc1 e5 16. Bg4 Bg6 17. Rc8 Rxc8 18. Bxc8 Qd6 19. Bb7 exd4 20. Qg4 Bd3+
21. Ke1 Qe5+ 22. Kd1 f5 23. Qxd4 Qe2+ 0-1

[Event "XII. DBMM Schach"]
[Site "Berlin"]
[Date "2012.10.13"]
[Round "5.3"]
[White "Launert, Martin"]
[Black "Milak, Adela"]
[Result "1-0"]
[WhiteElo "1884"]
[BlackElo "1463"]
[Annotator "br"]
[PlyCount "65"]
[EventDate "2012.??.??"]
[Source "FV Schach e.V."]
[SourceDate "2012.10.14"]
[WhiteTeam "R+V Vers. Wiesbaden II"]
[BlackTeam "Europ. Patentamt MUC III"]
[WhiteTeamCountry "GER"]
[BlackTeamCountry "GER"]

1. e4 e5 2. Nf3 Nc6 3. Bb5 d6 4. d4 a6 5. Bxc6+ bxc6 6. dxe5 Bg4 7. exd6 cxd6
8. Nc3 h6 9. O-O Be7 10. Re1 Bf6 11. Qd3 Ne7 12. Bf4 Bxf3 13. gxf3 Be5 14. Bg3
O-O 15. f4 Bxc3 16. Qxc3 Qb6 17. f5 Nc8 18. f6 g5 19. h4 gxh4 20. Bxh4 Kh7 21.
Kg2 Qb5 22. Bg3 Rg8 23. Rh1 Nb6 24. b3 Rg6 25. Rh3 c5 26. Qe3 Nd7 27. Rah1 Nxf6
28. Rxh6+ Kg7 29. Rxg6+ fxg6 30. Bxd6 Re8 31. f3 Rc8 32. e5 Re8 33. exf6+ 1-0

[Event "XII. DBMM Schach"]
[Site "Berlin"]
[Date "2012.10.13"]
[Round "5.1"]
[White "Bangert, Udo"]
[Black "Welz, Peter"]
[Result "1-0"]
[WhiteElo "1815"]
[BlackElo "2057"]
[Annotator "br"]
[PlyCount "123"]
[EventDate "2012.??.??"]
[Source "FV Schach e.V."]
[SourceDate "2012.10.14"]
[WhiteTeam "SG Stern Stuttgart II"]
[BlackTeam "Deutsche Bahn/BSW Berlin"]
[WhiteTeamCountry "GER"]
[BlackTeamCountry "GER"]

1. b3 e5 2. Bb2 Nc6 3. e3 Nf6 4. Bb5 d6 5. Ne2 Bg4 6. h3 Bh5 7. g4 Bg6 8. d4
Nd7 9. Nbc3 Nb4 10. Bxd7+ Qxd7 11. e4 f6 12. a3 Na6 13. Qd2 Be7 14. O-O-O O-O-O
15. Kb1 h5 16. f3 Rh7 17. Rhg1 hxg4 18. hxg4 Rdh8 19. d5 Bf7 20. Qe3 b6 21. b4
g6 22. Qd3 Kb7 23. Ng3 Qc8 24. Qc4 Be8 25. Bc1 Bd7 26. Na2 c6 27. dxc6+ Qxc6
28. Qxc6+ Bxc6 29. Nc3 Nc7 30. Rd3 Rh3 31. Nf1 Rd8 32. Rg3 Rxg3 33. Nxg3 d5 34.
exd5 Nxd5 35. Nxd5 Rxd5 36. Rxd5 Bxd5 37. f4 Bd6 38. fxe5 Bxe5 39. Nf1 g5 40.
Ne3 Be6 41. Bb2 Bxb2 42. Kxb2 Kc6 43. Kc3 Kb5 44. Kb2 a5 45. c3 axb4 46. axb4
Bxg4 47. Nxg4 f5 48. Ne5 g4 49. Kb3 g3 50. c4+ Ka6 51. Kc3 g2 52. Nf3 Kb7 53.
Kd4 Kc6 54. Ke5 f4 55. Kxf4 Kd6 56. Ke4 Ke6 57. Kd4 Kd6 58. b5 Kd7 59. Kd5 Kc7
60. Ke6 Kc8 61. Kd6 Kb7 62. Kd7 1-0

[Event "XII. DBMM Schach"]
[Site "Berlin"]
[Date "2012.10.13"]
[Round "5.1"]
[White "Gebert Vangeel, Ralf"]
[Black "Weidl, Robert"]
[Result "1-0"]
[WhiteElo "1971"]
[BlackElo "1754"]
[Annotator "br"]
[PlyCount "47"]
[EventDate "2012.??.??"]
[Source "FV Schach e.V."]
[SourceDate "2012.10.14"]
[WhiteTeam "SV OSRAM Berlin II"]
[BlackTeam "ADAC Muenchen II"]
[WhiteTeamCountry "GER"]
[BlackTeamCountry "GER"]

1. e4 c5 2. Nc3 Nc6 3. f4 d6 4. Nf3 g6 5. Bc4 Bg7 6. O-O e6 7. f5 exf5 8. Qe1
Nge7 9. exf5 Bxf5 10. Ng5 Bd4+ 11. Kh1 Ne5 12. Bb5+ Bd7 13. Nge4 Nf5 14. Bxd7+
Kxd7 15. Nd5 Nc6 16. g4 Nh6 17. c3 Bg7 18. d4 Rf8 19. Bg5 Qa5 20. Qg3 cxd4 21.
Qxd6+ Kc8 22. Nc5 a6 23. Qd7+ Kb8 24. Qxb7# 1-0

[Event "XII. DBMM Schach"]
[Site "Berlin"]
[Date "2012.10.13"]
[Round "5.2"]
[White "Obermeier, Karlheinz"]
[Black "Mayer, Herbert"]
[Result "0-1"]
[WhiteElo "1575"]
[BlackElo "1839"]
[Annotator "br"]
[PlyCount "82"]
[EventDate "2012.??.??"]
[Source "FV Schach e.V."]
[SourceDate "2012.10.14"]
[WhiteTeam "ADAC Muenchen II"]
[BlackTeam "SV OSRAM Berlin II"]
[WhiteTeamCountry "GER"]
[BlackTeamCountry "GER"]

1. e4 c5 2. Nf3 a6 3. d4 cxd4 4. Nxd4 Nf6 5. Bd3 e5 6. Nf3 Nc6 7. Nc3 Bb4 8.
Bd2 O-O 9. O-O d6 10. a3 Ba5 11. b4 Bc7 12. Bg5 h6 13. Bh4 Be6 14. h3 g5 15.
Bg3 d5 16. Re1 d4 17. Nb1 Qd7 18. Nbd2 b5 19. Rc1 Rac8 20. Qe2 Ne8 21. c4 dxc3
22. Rxc3 Nd4 23. Nxd4 exd4 24. Rc2 Bxg3 25. fxg3 Rxc2 26. Bxc2 Nd6 27. e5 Nc4
28. Qd3 f5 29. Nf3 Rd8 30. Bb3 Kg7 31. Bc2 Nb2 32. Qd2 d3 33. Bd1 Nc4 34. Qc3
Qa7+ 35. Kh2 Qf2 36. Rg1 g4 37. hxg4 fxg4 38. Ne1 d2 39. Nc2 Qf5 40. Rh1 Rd3
41. Qa1 Qf2 0-1

[Event "XII. DBMM Schach"]
[Site "Berlin"]
[Date "2012.10.13"]
[Round "5.3"]
[White "Mueller, Gerd"]
[Black "Lajh, Anton"]
[Result "1/2-1/2"]
[WhiteElo "1854"]
[BlackElo "1507"]
[Annotator "br"]
[PlyCount "121"]
[EventDate "2012.??.??"]
[Source "FV Schach e.V."]
[SourceDate "2012.10.14"]
[WhiteTeam "SV OSRAM Berlin II"]
[BlackTeam "ADAC Muenchen II"]
[WhiteTeamCountry "GER"]
[BlackTeamCountry "GER"]

1. e4 e5 2. Nf3 Nc6 3. Nc3 a6 4. Bc4 h6 5. O-O Nf6 6. d4 d6 7. dxe5 Nxe5 8.
Nxe5 dxe5 9. Bxf7+ Ke7 10. Qxd8+ Kxd8 11. Bg6 Bc5 12. Nd5 Rf8 13. Be3 Bd6 14.
Rad1 Nxd5 15. Rxd5 Be6 16. Rd2 Rf6 17. Bh5 g5 18. Bc5 Ke7 19. Bxd6+ cxd6 20.
Rfd1 Raf8 21. h3 Bc4 22. a4 a5 23. b3 Ba6 24. Bg4 b6 25. Bf5 Bc8 26. g4 Bb7 27.
f3 Bc6 28. c4 Rd8 29. Kg2 Be8 30. Kg3 h5 31. h4 gxh4+ 32. Kxh4 hxg4 33. fxg4
Rh6+ 34. Kg3 Bc6 35. g5 Rhh8 36. Rg1 Rhg8 37. Kf3 Rg7 38. Rh2 Rf8 39. Kg4 Bxe4
40. Rf1 Bc6 41. Rd1 Bf3+ 42. Kxf3 Rxf5+ 43. Ke4 Rfxg5 44. Kd5 Kd7 45. Rh6 R5g6
46. Rdh1 e4 47. Rxg6 Rxg6 48. Rh7+ Ke8 49. Rh4 Kd7 50. Rh3 Re6 51. Rh7+ Re7 52.
Rxe7+ Kxe7 53. Kxe4 Ke6 54. Kd4 Kd7 55. Kd5 Kc7 56. Ke4 Kc6 57. Kd4 Kd7 58. Kd5
Kc7 59. Ke4 Kc6 60. Kd4 Kd7 61. Kd5 1/2-1/2

[Event "XII. DBMM Schach"]
[Site "Berlin"]
[Date "2012.10.13"]
[Round "5.4"]
[White "Zunk, Olaf"]
[Black "Schlittermann, Wolfgang"]
[Result "0-1"]
[WhiteElo "1464"]
[BlackElo "1756"]
[Annotator "br"]
[PlyCount "66"]
[EventDate "2012.??.??"]
[Source "FV Schach e.V."]
[SourceDate "2012.10.14"]
[WhiteTeam "ADAC Muenchen II"]
[BlackTeam "SV OSRAM Berlin II"]
[WhiteTeamCountry "GER"]
[BlackTeamCountry "GER"]

1. e4 c5 2. Nf3 e6 3. c3 g6 4. d4 cxd4 5. cxd4 Bg7 6. Bb5 Qa5+ 7. Nc3 Nf6 8.
Bd2 O-O 9. Bd3 Qd8 10. h3 d6 11. Bg5 Qa5 12. O-O Nc6 13. Qd2 a6 14. Rfe1 Nd7
15. a3 Bxd4 16. Nxd4 Nxd4 17. Bc2 Nxc2 18. Bh6 Nxa1 19. Qxd6 Re8 20. Qd4 e5 21.
Qd6 Qb6 22. Qd1 Qxb2 23. Nd5 Rb8 24. Qf3 Re6 25. Nc7 Rf6 26. Qg3 Nc2 27. Rc1
Nd4 28. Qh4 Ne2+ 29. Kh2 Nxc1 30. Nd5 Qxf2 31. Qg4 Ne2 32. Ne7+ Kh8 33. Nf5
Qg1# 0-1

[Event "XII. DBMM Schach"]
[Site "Berlin"]
[Date "2012.10.13"]
[Round "5.1"]
[White "Vollbrecht, Lars"]
[Black "Jacobsen, Ruediger"]
[Result "1-0"]
[WhiteElo "1838"]
[BlackElo "1541"]
[Annotator "br"]
[PlyCount "49"]
[EventDate "2012.??.??"]
[Source "FV Schach e.V."]
[SourceDate "2012.10.14"]
[WhiteTeam "Deutsche Telekom Berlin"]
[BlackTeam "EADS Airbus Bremen"]
[WhiteTeamCountry "GER"]
[BlackTeamCountry "GER"]

1. e4 e5 2. Bc4 Nf6 3. d3 Nc6 4. Nf3 d6 5. Nc3 h6 6. h3 Na5 7. Bb3 Nxb3 8. axb3
Be7 9. O-O Nh7 10. Nd5 Bg5 11. Nxg5 Nxg5 12. f4 exf4 13. Bxf4 c6 14. Ne3 O-O
15. Nc4 d5 16. exd5 cxd5 17. Nd2 Qb6+ 18. Kh2 Qg6 19. Nf3 Nxf3+ 20. Qxf3 Be6
21. Qe3 a6 22. Rf3 Rfc8 23. Rg3 Qf5 24. Bxh6 g6 25. Qd4 1-0

[Event "XII. DBMM Schach"]
[Site "Berlin"]
[Date "2012.10.13"]
[Round "5.2"]
[White "Feldmann, Alfred"]
[Black "Radjenovic, Branko"]
[Result "0-1"]
[WhiteElo "1435"]
[BlackElo "1810"]
[Annotator "br"]
[PlyCount "98"]
[EventDate "2012.??.??"]
[Source "FV Schach e.V."]
[SourceDate "2012.10.14"]
[WhiteTeam "EADS Airbus Bremen"]
[BlackTeam "Deutsche Telekom Berlin"]
[WhiteTeamCountry "GER"]
[BlackTeamCountry "GER"]

1. d4 Nf6 2. c4 g6 3. Nc3 Bg7 4. Nf3 d6 5. b3 O-O 6. e3 Nbd7 7. Bd3 e5 8. dxe5
dxe5 9. e4 Qe7 10. O-O c6 11. a4 Rd8 12. Ba3 Qe8 13. Bd6 h6 14. Bc7 Nc5 15.
Bxd8 Qxd8 16. Bc2 Qe7 17. b4 Na6 18. b5 Nc5 19. Qe2 Nh5 20. g3 Bg4 21. Qe3 Ne6
22. Bd1 Bf6 23. h4 Rd8 24. Nh2 Bh3 25. Re1 Nhg7 26. Bg4 Bxg4 27. Nxg4 h5 28.
Nxf6+ Qxf6 29. Rad1 Nd4 30. Kg2 Nge6 31. Rf1 Kg7 32. Ne2 Qe7 33. f4 f6 34. f5
gxf5 35. exf5 Nc2 36. Qe4 Ned4 37. Nxd4 Nxd4 38. Rd3 Qb4 39. bxc6 bxc6 40. g4
Qxc4 41. gxh5 Qf7 42. Qg4+ Kh8 43. Rff3 Rg8 44. Rg3 Rxg4 45. Rxg4 Qxh5 46. Rdg3
Qh7 47. Rg6 Nxf5 48. R3g4 Nxh4+ 49. Kg3 Nxg6 0-1

[Event "XII. DBMM Schach"]
[Site "Berlin"]
[Date "2012.10.13"]
[Round "5.3"]
[White "Fischer, Elmar"]
[Black "Mikoteit, Siegfried"]
[Result "1-0"]
[WhiteElo "1665"]
[BlackElo "1402"]
[Annotator "br"]
[PlyCount "45"]
[EventDate "2012.??.??"]
[Source "FV Schach e.V."]
[SourceDate "2012.10.14"]
[WhiteTeam "Deutsche Telekom Berlin"]
[BlackTeam "EADS Airbus Bremen"]
[WhiteTeamCountry "GER"]
[BlackTeamCountry "GER"]

1. e4 e5 2. Nf3 Nc6 3. Bb5 d6 4. c3 Nf6 5. Qe2 Bd7 6. O-O a6 7. Ba4 Be7 8. d4
O-O 9. h3 exd4 10. Bc2 dxc3 11. Nxc3 Nb4 12. Bb1 c5 13. Bf4 Be6 14. Rd1 Qc7 15.
e5 dxe5 16. Bxe5 Qc6 17. a3 Nbd5 18. Ne4 Nxe4 19. Bxe4 Rad8 20. Rac1 f5 21. Bd3
b5 22. Re1 Nc7 23. Bxc7 1-0